Statistics for Novels by Chapter Name

Click here to take the quiz!

General Stats

  • This quiz has been taken 247 times
  • The average score is 8 of 15

Answer Stats

ChapterNovel% Correct
Chapter 5 - The Golden TicketsCharlie and the Chocolate Factory
81%
Chapter 5 - Advice from a CaterpillarAlice's Adventures in Wonderland
73%
Chapter 34 - In Which Phileas Fogg at Last Reaches LondonAround the World in 80 Days
70%
Chapter 21 - Captain Nemo's Thunderbolt20,000 Leagues Under the Sea
68%
Chapter 9 - Wilbur's BoastCharlotte's Web
64%
Chapter 7 - In the House of Tom BombadilThe Lord of the Rings: The Fellowship of the Ring
58%
Chapter 5 - Hester at Her NeedleThe Scarlet Letter
57%
Chapter 15 - The CullensTwilight
56%
Chapter 110 - Queequeg in His CoffinMoby Dick
54%
Chapter 42 - YossarianCatch-22
50%
Chapter 5 - Riddles in the DarkThe Hobbit
48%
Chapter 7 - A Day with the BeaversThe Lion, the Witch, and the Wardrobe
35%
Chapter 8 - The Chateau D'ifThe Count of Monte Cristo
30%
Chapter 10 - The Shell and the GlassesLord of the Flies
28%
Chapter 14 - The Dodecahedron Leads the WayThe Phantom Tollbooth
13%

Score Distribution

Percentile by Number Answered

Percent of People with Each Score

Your Score History

You have not taken this quiz